The Spectacular Tale of Peter Rabbit Book / (Record no. 48583)
| 000 -LEADER | |
|---|---|
| fixed length control field | 00397nam a2200109 4500 |
| 020 ## - INTERNATIONAL STANDARD BOOK NUMBER | |
| International Standard Book Number | 9780723299899 |
| 100 ## - MAIN ENTRY--PERSONAL NAME | |
| Personal name | Thompson, Emma, |
| Relator term | author. |
| 9 (RLIN) | 5556 |
| 245 ## - TITLE STATEMENT | |
| Title | The Spectacular Tale of Peter Rabbit Book / |
| Statement of responsibility, etc | By Emma Thompson, Inspired by the original tales of Beatrix Potter. |
| 260 ## - PUBLICATION, DISTRIBUTION, ETC. (IMPRINT) | |
| Place of publication, distribution, etc | England : |
| Name of publisher, distributor, etc | Penguin Random House ; |
| Date of publication, distribution, etc | 2015. |
| 300 ## - PHYSICAL DESCRIPTION | |
| Extent | 72 pages. |
| Dimensions | 8.5 x 0.3 x 10.7 inches. |
| 942 ## - ADDED ENTRY ELEMENTS (KOHA) | |
| Source of classification or shelving scheme | |
| Koha item type | Book |
| Withdrawn status | Lost status | Source of classification or shelving scheme | Damaged status | Not for loan | Home library | Current library | Date acquired | Total Checkouts | Full call number | Barcode | Date last seen | Price effective from | Koha item type |
|---|---|---|---|---|---|---|---|---|---|---|---|---|---|
| Logos International School | Logos International School | 03/12/2025 | E POT | 040509 | 03/20/2025 | 03/12/2025 | Book |